|
|
|
|
| LEADER |
00000nas a2200000 a 4500 |
| 001 |
ssj0000547411 |
| 003 |
WaSeSS |
| 005 |
20200512172242.0 |
| 006 |
m d |
| 007 |
cr n |
| 008 |
081201c20099999okufr p s | a0eng c |
| 010 |
|
|
|a 2008203793
|
| 022 |
|
|
|y 1944-5474
|
| 035 |
|
|
|a (WaSeSS)ssj0000547411
|
| 037 |
|
|
|b Marty Ludlum, 116 Thatcher Hall, University of Central Oklahoma, Edmond, OK 73034,
|c $15.00 (per issue)
|
| 040 |
|
|
|a NSDP
|c NSDP
|d DLC
|d WaSeSS
|
| 042 |
|
|
|a pcc
|a nsdp
|
| 050 |
0 |
0 |
|a HF5387
|b .S649
|
| 082 |
1 |
0 |
|a 174.4
|2 14
|
| 222 |
|
0 |
|a Southern journal of business and ethics
|
| 245 |
0 |
0 |
|a Southern journal of business and ethics
|h [electronic resource].
|
| 246 |
1 |
|
|a SJBE
|
| 260 |
|
|
|a [Edmond, Okla.] :
|b Southern Academy of Legal Studies in Business
|
| 310 |
|
|
|a Semi-annual
|
| 362 |
1 |
|
|a Began with Vol. 1 (2009)
|
| 506 |
|
|
|a License restrictions may limit access.
|
| 588 |
|
|
|a Description based on: Vol. 1 (2009); title from cover.
|
| 650 |
|
0 |
|a Business ethics
|v Periodicals.
|
| 655 |
|
0 |
|a Electronic journals.
|
| 710 |
2 |
|
|a Southern Academy of Legal Studies in Business.
|
| 850 |
|
|
|a DLC
|
| 856 |
4 |
0 |
|z Full text available from Research Library: 01/01/2009 to present
|u https://search.proquest.com/publication/316220
|